Válka v srdci islámu

Salvato in:
Dettagli Bibliografici
Autore principale: Kepel, Gillese
Natura: Libro
Lingua:ceco
Pubblicazione: Praha Univerzita Karlova v Praze. Nakladatelství Karolinum 2006
Soggetti:
Tags: Aggiungi Tag
Nessun Tag, puoi essere il primo ad aggiungerne!!

MARC

LEADER 00000nam a2200000 4500
001 0142121
005 20221207101357.5
020 |a 80-246-1217-8 
041 0 |a cze 
044 |a CZ 
245 1 0 |a Válka v srdci islámu  |c Gillese Kepel 
264 1 |a Praha  |b Univerzita Karlova v Praze. Nakladatelství Karolinum  |c 2006 
300 |a 294 s. 
610 2 0 |a islam 
610 2 0 |a politika medzinárodná 
610 2 0 |a náboženstvo 
610 2 0 |a vojny 
610 2 0 |a dohody medzinárodné 
610 2 0 |a Arabské štáty 
100 1 |a Kepel, Gillese